Magritte / (Record no. 1042)
[ view plain ]
| 000 -LEADER | |
|---|---|
| campo de control de longitud fija | 00908nam a22001937a 4500 |
| 008 - DATOS DE LONGITUD FIJA--INFORMACIÓN GENERAL | |
| campo de control de longitud fija | 160910s1992 be||||| |||| 00| 0 eng d |
| 082 04 - NÚMERO DE LA CLASIFICACIÓN DECIMAL DEWEY | |
| Número de clasificación | 708 |
| Número de ítem | M212m |
| 100 1# - ENTRADA PRINCIPAL--NOMBRE DE PERSONA | |
| Nombre de persona | Magritte, René. |
| 9 (RLIN) | 5493 |
| 245 10 - MENCIÓN DEL TÍTULO | |
| Título | Magritte / |
| Mención de responsabilidad, etc. | René Magritte. |
| 250 ## - MENCION DE EDICION | |
| Mención de edición | 1a ed. |
| 260 ## - PUBLICACIÓN, DISTRIBUCIÓN, ETC. | |
| Lugar de publicación, distribución, etc. | Bélgica : |
| Nombre del editor, distribuidor, etc. | South Bank Centre, |
| Fecha de publicación, distribución, etc. | 1992. |
| 300 ## - DESCRIPCIÓN FÍSICA | |
| Extensión | 320 p. |
| 500 ## - NOTA GENERAL | |
| Nota general | Catálogo publicado con motivo a la exhibición "Magritte", presentada en: -The Hayward Gallery en Londres, del 21 de mayo al 2 de agosto de 1992. -The Metropolitan Museum of Art en Nueva York, del 9 de setiembre al 22 de noviembre de 1992. -The Menil Collection en Houston, del 15 de diciembre de 1992al 21 de febrero de 1993. -The Art Institute of Chicago, del 16 de marzo al 30 de mayo de 1993. |
| 653 10 - TÉRMINO DE INDIZACIÓN--NO CONTROLADO | |
| Término no controlado | Arte contemporáneo |
| 653 10 - TÉRMINO DE INDIZACIÓN--NO CONTROLADO | |
| Término no controlado | Catálogo de exhibición |
| 653 10 - TÉRMINO DE INDIZACIÓN--NO CONTROLADO | |
| Término no controlado | Exhibiciones |
| 653 10 - TÉRMINO DE INDIZACIÓN--NO CONTROLADO | |
| Término no controlado | Arte surrealista |
| 653 10 - TÉRMINO DE INDIZACIÓN--NO CONTROLADO | |
| Término no controlado | Pintura surrealista |
| Estatus retirado | Estado de pérdida | Fuente del sistema de clasificación o colocación | Estado de daño | No para préstamo | Biblioteca de origen | Biblioteca actual | Ubicación en estantería | Fecha de adquisición | Total de préstamos | Signatura topográfica completa | Código de barras | Visto por última vez | Fecha del último préstamo | Precio de reemplazo | Tipo de ítem Koha |
|---|---|---|---|---|---|---|---|---|---|---|---|---|---|---|---|
| Clasificación Decimal Dewey | Biblioteca LadoV | Biblioteca LadoV | 10/09/2016 | 1 | 708 M212m | 001029 | 12/09/2018 | 06/07/2018 | 10/09/2016 | Material 01 |
